000 00582nam a22002297a 4500
003 UA-OsUOA
001 84896
007 ta
008 20120612b un ||||| |||| 00| 0 ukr d
100 _aМазепа Б.
090 _a821.161.2
_bМ13
942 _cBK
040 _aUA-OsUOA
_bukr
_cUA-OsUOA
_dUA-OsUOA
245 _aЗоряна даль
_bлірика
300 _a62 с.
955 _a3
041 _aukr
080 _a821.161.2
260 _aЕдмонтон
_c1956
650 7 _a82 Література. Літературознавство
_2UDC
999 _c371150
_d371150